|
|
|
|
| LEADER |
01318nam a2200325 u 4500 |
| 001 |
10020750 |
| 003 |
upatras |
| 005 |
20210117205455.0 |
| 008 |
990308s1996 us eng |
| 020 |
|
|
|a 0256161577
|
| 040 |
|
|
|a GR-PaULI
|c GR-PaULI
|
| 041 |
0 |
|
|a eng
|
| 082 |
0 |
4 |
|a 339
|
| 100 |
1 |
|
|a Hyman, David N.
|9 40750
|
| 245 |
1 |
0 |
|a Macroeconomics
|c David N. Hyman
|
| 250 |
|
|
|a 4th edition
|
| 260 |
|
|
|a Chicago
|b Irwin
|c 1996
|
| 300 |
|
|
|a xxiv, 546 p.
|b fig.
|c 25 cm.
|
| 490 |
0 |
|
|a The IRWIN series in economics
|
| 504 |
|
|
|a Includes appendix, glossary and index
|
| 650 |
|
4 |
|a Οικονομία
|9 547
|
| 650 |
|
4 |
|9 1677
|a Μακροοικονομική
|
| 760 |
0 |
|
|a The Irwin series in economics
|
| 852 |
|
|
|a GR-PaULI
|b ΠΑΤΡΑ
|b ΒΚΠ
|b ΒΣ1
|k ΑΣΧΞ
|h 339 ΗYM
|m 041347
|p 025000004569
|t 1
|
| 852 |
|
|
|a GR-PaULI
|b ΠΑΤΡΑ
|b ΒΚΠ
|b ΒΣ1
|k ΑΣΧΞ
|h 339 ΗYM
|m 101404
|p 025000183168
|t 2
|
| 942 |
|
|
|2 ddc
|c BK15
|
| 952 |
|
|
|0 0
|1 0
|4 0
|6 339_000000000000000_ΗYM
|7 0
|9 180972
|a LISP
|b LISP
|c BSC
|d 2016-04-24
|i 041347
|l 0
|o 339 ΗYM
|p 025000004569
|r 2016-04-24 00:00:00
|t 1
|w 2016-04-24
|y BK15
|
| 952 |
|
|
|0 0
|1 0
|4 0
|6 339_000000000000000_ΗYM
|7 0
|9 180973
|a LISP
|b LISP
|c BSC
|d 2016-04-24
|i 101404
|l 0
|o 339 ΗYM
|p 025000183168
|r 2016-04-24 00:00:00
|t 2
|w 2016-04-24
|y BK15
|
| 998 |
|
|
|c ΠΑΝΑΓΟΠΟΥΛΟΥ
|d 1999-03
|
| 999 |
|
|
|c 111861
|d 111861
|